00482nam a2200133Ia 4500008004100000100001900041245008600060245005200146260005300198260001300251300000800264650001500272856006100287170221s9999 xx 000 0 und d aMuhammed Yusuf aGender Differences in Perceptions of Grandchildren towards Grandparent Nurturing  cMuhammed Yusuf, Mohammed Y. M. Mai, Maria Salih bInternational Review of Management and Marketing cMay 2014 a3:2 xMarketing. uhttp://www.econjournals.com/index.php/irmm/issue/view/77